| 000 | 00313nam a2200097Ia 4500 | ||
|---|---|---|---|
| 008 | 240331s9999 xx 000 0 und d | ||
| 082 | _bUYA | ||
| 100 | _aUyangoda,J and Neloufer de mel | ||
| 245 | 0 |
_aReframing Democracy : _bPerspectives on the Cultures of Inclusion and Exclusion in Contemporary Sri Lanka |
|
| 942 | _cL | ||
| 999 |
_c5763 _d5763 |
||